| 000 | 00584nam a2200193 i 4500 | ||
|---|---|---|---|
| 001 | 84834 | ||
| 003 | ES-MaACL | ||
| 005 | 20230906175123.0 | ||
| 007 | t| | ||
| 008 | 041124s1971 sp ||||1| spa d | ||
| 100 | 1 |
_aJohson, Harry J. _966784 |
|
| 245 | 1 | 0 |
_aCómo beber... y vivir / _cHarry J. Johson ; [traducción, Mariano y Rafael Orta]. |
| 250 | _a[1ª ed.]. | ||
| 260 |
_aBarcelona : _bBruguera, _c[1971] |
||
| 300 |
_a256 p., 4 lám. ; _c22 cm. |
||
| 700 | 1 |
_aOrta Manzano, Mariano. _987384 |
|
| 700 | 1 |
_aOrta Manzano, Rafael. _987385 |
|
| 852 |
_aES-MaACL _jC-46894 _bR.78681 |
||
| 999 |
_c84834 _d84834 |
||